Statistics for Countries with the Highest Average IQ

Click here to take the quiz!

General Stats

  • This quiz has been taken 88 times
  • The average score is 15 of 25

Answer Stats

HintAnswer% Correct
106.48Japan
97%
104.1China
91%
100.74Germany
90%
99.12United Kingdom
88%
102.35South Korea
86%
99.24Australia
84%
99.52Canada
84%
106.47Taiwan
83%
101.2Finland
81%
105.89Singapore
81%
98.57New Zealand
77%
98.38Austria
74%
100.74Netherlands
74%
99.24Switzerland
71%
100.72Estonia
59%
99.87Luxembourg
58%
98.82North Korea
57%
101.07Liechtenstein
45%
98.6Slovenia
39%
99.24Hungary
36%
101.6Belarus
30%
105.37Hong Kong
28%
99.75Cambodia
16%
99.82Macau
13%
98.89Greenland
1%

Score Distribution

Percentile by Number Answered

Percent of People with Each Score

Your Score History

You have not taken this quiz